000 01257nam a2200277 a 4500
003 OSt
005 20250612093549.0
007 cr ||||||a|c|a
008 240423b2023 mx a|||fom||| 001 0 spa d
040 _erda
100 1 _9188993
_aMartínez Manuela, Eduardo
245 1 0 _aBrassica rapa resistente a los herbicidas prosulfuron y triasulfuron en los municipios de Emiliano Zapata y Tepeapulco, Hidalgo /
_cpor Eduardo Martínez Manuela ; director de tesis J. Antonio Tafoya Razo.
264 1 _aChapingo, México :
_bEl autor,
_c2023.
300 _a1 recurso en línea (60 páginas):
_bcuadros, figuras.
336 _2rdacontent
_atexto
_btxt
337 _2rdamedia
_acomputadora
_bc
338 _2rdacarrier
_arecurso en línea
_bcr
502 _bIAEPA
_cParasitología
_d2023.
_gLIC
504 _aIncluye referencias bibliográficas: páginas 56-60.
650 4 _9134356
_aBrassica rapa
_xFisiología y morfología
650 4 _9164945
_aMalas hierbas
_x resistencia herbicidas
650 4 _9174124
_aMalas hierbas
_xControl
700 0 _aTafoya Razo, José Antonio
_eDirector de tesis.
_9111341
856 _uhttp://10.13.5.2/tesis/tl/1311564-4_MARTINEZ_MANUELA_EDUARDO.pdf
_zDESCARGAR PDF
942 _2Clasificación Universidad Autónoma Chapingo
_cTD
999 _c219874
_d219874